Movies Quiz

Random Movies or War Quiz

Air Power on the Silver Screen Quiz Stats

Quiz not verified by Sporcle

Challenge
Share
Tweet
Score 0/20 Timer 05:00
0 Plays Today
% Correct
Top Gun (1986)
97.4%
Independence Day (1996)
90.5%
Pearl Harbor (2001)
85.1%
Planes (2013)
80.8%
Air Force One (1997)
80.2%
Dr. Strangelove (1964)
72.6%
Red Dawn (1984)
61%
1941 (1979)
44%
Tora! Tora! Tora! (1970)
43.2%
Broken Arrow (1996)
39.6%
% Correct
Operation Dumbo Drop (1994)
39.1%
Memphis Belle (1990)
36.2%
Firefox (1982)
30.5%
Iron Eagle (1986)
28.9%
The Right Stuff (1983)
25.7%
The Tuskegee Airmen (1995)
21.1%
The Final Countdown (1980)
17.7%
Twelve O'Clock High (1949)
15.1%
No Time For Sergeants (1958)
12.6%
Flying Tigers (1942)
9.9%

You're not logged in!

Compare scores with friends on all Sporcle quizzes.
Sign Up with Email
OR
Log In

You Might Also Like...

Show Comments

Extras

Top Quizzes Today


Score Distribution

Your Account Isn't Verified!

In order to create a playlist on Sporcle, you need to verify the email address you used during registration. Go to your Sporcle Settings to finish the process.